| 000 | 00782nam a2200229 i 4500 | ||
|---|---|---|---|
| 001 | 133638 | ||
| 003 | ES-MaACL | ||
| 005 | 20230906194459.0 | ||
| 007 | t| | ||
| 008 | 070823s1993 sp ||||1| spa d | ||
| 020 | _a84-88045-87-5 | ||
| 080 | _a75:069(460.27 M.)(036) | ||
| 100 | 1 |
_aMarías, Fernando. _976686 |
|
| 245 | 1 | 0 |
_aColección Thysen-Bornemisza _b: Monasterio de Pedralbes / _cFernando Marías, Consuelo Luca de Tena. |
| 260 |
_aMadrid : _bFundación Colección Thyssen-Bornemisza, _c[1993] |
||
| 300 |
_a109 p. : _bil. ; _c22 cm. |
||
| 500 | _aBiblioteca Jacinto Martínez Lacalle. | ||
| 500 | _aIndice. | ||
| 610 | 2 |
_aMuseo Thyssen-Bornemisza- _vGuías turísticas. _95928 |
|
| 700 | 1 |
_aLuca de Tena, Consuelo. _974511 |
|
| 852 |
_aES-MaACL _jE-12010 _bR.139948 |
||
| 999 |
_c133638 _d133638 |
||